VLSI physical design with automation (Record no. 181186)

000 -LEADER
fixed length control field 00413nam a2200133Ia 4500
008 - FIXED-LENGTH DATA ELEMENTS--GENERAL INFORMATION
fixed length control field 220217s9999||||xx |||||||||||||| ||und||
020 ## - INTERNATIONAL STANDARD BOOK NUMBER
International Standard Book Number 978-81-7596-734-2
082 ## - DEWEY DECIMAL CLASSIFICATION NUMBER
Classification number 621.381 5 SAI
100 ## - MAIN ENTRY--PERSONAL NAME
Personal name Sait, Sadiq, M and Youssef, Habib
9 (RLIN) 7568
245 #0 - TITLE STATEMENT
Title VLSI physical design with automation
260 ## - PUBLICATION, DISTRIBUTION, ETC.
Place of publication, distribution, etc. Cambridge univercity press
Name of publisher, distributor, etc. New Delhi
Date of publication, distribution, etc. 2010
300 ## - PHYSICAL DESCRIPTION
Extent XIX,482p.;28cm
Other physical details 495
650 ## - SUBJECT ADDED ENTRY--TOPICAL TERM
Topical term or geographic name entry element CIRCUITRY
Holdings
Withdrawn status Lost status Damaged status Not for loan Collection code Home library Current library Date acquired Full call number Barcode Date last seen Price effective from Koha item type
        Electronics and Communication Engineering Central Library Central Library 02/18/2022 621.381 5 SAI 16375 02/18/2022 02/18/2022 Books

Powered by Koha